[Event "Open Norwegian Championship"]
[Site "Oslo NOR"]
[Date "2005.03.23"]
[EventDate "2005.03.19"]
[Round "5"]
[Result "0-1"]
[White "Jon Ludvig Hammer"]
[Black "Edvins Kengis"]
[WhiteElo "2273"]
[BlackElo "2538"]
[PlyCount "64"]

1. e4 c5 2. Nf3 a6 3. c4 e6 4. Nc3 Qc7 5. g3 Nc6 6. Bg2 Nf6
7. O-O d6 8. h3 Be7 9. d3 Rb8 10. a4 O-O 11. Bg5 h6 12. Bf4
Nd7 13. Qd2 Nd4 14. Rab1 Ne5 15. Nxd4 cxd4 16. Ne2 Ng6
17. Bxh6 gxh6 18. Qxh6 Bf6 19. f4 Qe7 20. Qh5 Kg7 21. e5 dxe5
22. Be4 Rh8 23. Qg4 Bd7 24. fxe5 Bxe5 25. Rxf7+ Qxf7 26. Rf1
Bf6 27. Nf4 e5 28. Nh5+ Rxh5 29. Qxh5 Rh8 30. Qf3 Bxh3
31. Bxb7 Nh4 32. Qf2 Qg6 0-1

[Event "Midnight Sun Chess Challenge"]
[Site "Tromso NOR"]
[Date "2006.06.28"]
[EventDate "2006.06.24"]
[Round "5"]
[Result "1-0"]
[White "Leif Erlend Johannessen"]
[Black "Jon Ludvig Hammer"]
[WhiteElo "2559"]
[BlackElo "2287"]
[PlyCount "67"]

1. Nf3 Nf6 2. c4 c6 3. d4 d5 4. Nc3 a6 5. a4 e6 6. g3 dxc4
7. Bg2 c5 8. dxc5 Qxd1+ 9. Nxd1 Nc6 10. Be3 Nd5 11. O-O Nxe3
12. Nxe3 c3 13. bxc3 Bxc5 14. Nc4 Ra7 15. Rab1 Bd7 16. Ng5 Nd8
17. Ne4 Be7 18. Ned6+ Bxd6 19. Nxd6+ Ke7 20. Rfd1 b5 21. axb5
axb5 22. Nxb5 Ra2 23. e3 Bc6 24. Rxd8 Rxd8 25. Bxc6 Rdd2
26. Rf1 g5 27. g4 f5 28. gxf5 exf5 29. Nd4 Kf6 30. Bd7 h5
31. Bxf5 Ra3 32. Rc1 Raa2 33. Bc2 g4 34. Kf1 1-0

[Event "Midnight Sun Chess Challenge"]
[Site "Tromso NOR"]
[Date "2006.06.29"]
[EventDate "2006.06.24"]
[Round "6"]
[Result "1-0"]
[White "Jon Ludvig Hammer"]
[Black "Torben Soraas"]
[WhiteElo "2287"]
[BlackElo "2115"]
[PlyCount "39"]

1. e4 e6 2. d4 d5 3. Nc3 dxe4 4. Nxe4 Nd7 5. Bd3 Ngf6 6. Qe2
b6 7. Nxf6+ Nxf6 8. Nf3 Bb7 9. Ne5 Be7 10. Bb5+ Kf8 11. Be3
Bxg2 12. Rg1 Bb7 13. O-O-O Qd6 14. Bf4 Qd5 15. Bc4 Qe4 16. Qd2
c5 17. Rxg7 Bd5 18. Rxf7+ Ke8 19. Bb5+ Kd8 20. c4 1-0

[Event "Midnight Sun Chess Challenge"]
[Site "Tromso NOR"]
[Date "2006.06.30"]
[EventDate "2006.06.24"]
[Round "7"]
[Result "1-0"]
[White "Kjetil A Lie"]
[Black "Jon Ludvig Hammer"]
[WhiteElo "2493"]
[BlackElo "2287"]
[PlyCount "85"]

1. e4 e5 2. Bc4 Nf6 3. d3 Nc6 4. Nf3 Be7 5. O-O O-O 6. Re1 d6
7. c3 Na5 8. Bb5 a6 9. Ba4 b5 10. Bc2 c5 11. Nbd2 Nc6 12. Nf1
Re8 13. Ne3 Bf8 14. a4 Bb7 15. Bb3 Na5 16. Ba2 c4 17. dxc4
bxc4 18. Nxc4 Nxc4 19. Bxc4 Qc7 20. Bd3 d5 21. Nd2 Rad8
22. Qf3 Kh8 23. Bc2 Bc5 24. exd5 e4 25. Nxe4 Rxd5 26. Bg5 Rxg5
27. Nxf6 Rb8 28. Ne4 f5 29. Nxg5 Bxf3 30. Nxf3 g6 31. Rab1 Qc6
32. Ne5 Qd5 33. Bd3 Re8 34. Nxg6+ hxg6 35. Rxe8+ Kg7 36. Bxa6
f4 37. Be2 Qa2 38. Bd3 f3 39. gxf3 Qf7 40. Re5 Bb6 41. Rg5
Qxf3 42. Rxg6+ Kf7 43. Rxb6 1-0

[Event "European Club Cup"]
[Site "Feugen AUT"]
[Date "2006.10.08"]
[EventDate "2006.10.08"]
[Round "1"]
[Result "1-0"]
[White "Zbynek Hracek"]
[Black "Jon Ludvig Hammer"]
[WhiteElo "2614"]
[BlackElo "2380"]
[PlyCount "135"]

1. d4 Nf6 2. c4 e6 3. Nf3 b6 4. g3 Bb4+ 5. Bd2 Bxd2+ 6. Qxd2
Ba6 7. Na3 O-O 8. Bg2 c6 9. Rc1 d5 10. Ne5 Nfd7 11. Nd3 Nf6
12. O-O Bb7 13. Rc2 Nbd7 14. Rfc1 Qe7 15. cxd5 exd5 16. Nb4
Nb8 17. Nxd5 Nxd5 18. Bxd5 Rd8 19. Bf3 c5 20. Qe3 Qxe3
21. fxe3 Bxf3 22. exf3 Na6 23. dxc5 Nxc5 24. Nb5 a5 25. Nc3 h5
26. Kf1 f5 27. Rd1 Rxd1+ 28. Nxd1 a4 29. Ke2 Kf7 30. Nc3 Ke6
31. Nb5 Rh8 32. Rc4 g5 33. Nc3 h4 34. g4 Ra8 35. Rb4 Ra6
36. gxf5+ Kxf5 37. Nd5 Nd7 38. h3 a3 39. b3 Ra5 40. Nxb6 Nxb6
41. Rxb6 Rc5 42. Kd2 Rd5+ 43. Kc3 Rd1 44. Rb5+ Kf6 45. Kb4 Rh1
46. f4 gxf4 47. exf4 Rxh3 48. Kxa3 Rf3 49. Ka4 Rxf4+ 50. b4
Rf2 51. a3 h3 52. Rh5 h2 53. b5 Ke7 54. Ka5 Ra2 55. Kb6 Kd6
56. a4 Rxa4 57. Rxh2 Rb4 58. Rd2+ Ke7 59. Kc6 Rc4+ 60. Kb7 Rc1
61. b6 Rb1 62. Kc7 Rc1+ 63. Kb8 Rb1 64. b7 Rb3 65. Ra2 Kd7
66. Ka7 Kc7 67. b8=Q+ Rxb8 68. Rc2+ 1-0

[Event "Chigorin mem-A 14th"]
[Site "St Petersburg"]
[Date "2006.10.23"]
[EventDate "?"]
[Round "2"]
[Result "0-1"]
[White "Jon Ludvig Hammer"]
[Black "Anton Shomoev"]
[WhiteElo "2457"]
[BlackElo "2562"]
[PlyCount "84"]

1.e4 c5 2.Nf3 d6 3.d4 cxd4 4.Nxd4 Nf6 5.Nc3 a6 6.Bg5 e6 7.f4
Qc7 8.Qf3 b5 9.O-O-O b4 10.Nd5 exd5 11.Bxf6 gxf6 12.exd5 Bb7
13.Bd3 Nd7 14.Rhe1+ Kd8 15.Qh5 Nb6 16.Qe2 Qd7 17.Bf5 Qa4
18.Kb1 Kc7 19.Qh5 Bxd5 20.b3 Qa5 21.Be4 Re8 22.Nf3 Rxe4
23.Rxe4 Qc5 24.Re8 Be6 25.Qxc5+ dxc5 26.Rdd8 Nd7 27.Nd2 Rg8
28.g3 h5 29.Ne4 h4 30.a3 hxg3 31.hxg3 bxa3 32.Rc8+ Kb6 33.Ka2
Bd5 34.Nc3 Bc6 35.Ne2 Rh8 36.c4 Rh2 37.Kxa3 f5 38.Nc3 Bg7
39.Nd5+ Bxd5 40.cxd5 Bc3 41.b4 Bxb4+ 42.Kb3 Kb5 0-1

[Event "Bygger'n Masters"]
[Site "Gausdal NOR"]
[Date "2006.09.27"]
[EventDate "2006.09.24"]
[Round "4"]
[Result "1-0"]
[White "Normunds Miezis"]
[Black "Jon Ludvig Hammer"]
[WhiteElo "2527"]
[BlackElo "2306"]
[PlyCount "53"]

1. c4 e5 2. Nc3 Bb4 3. g3 Bxc3 4. dxc3 d6 5. e4 Nc6 6. Nf3 h6
7. Bg2 Be6 8. Qe2 Qd7 9. h3 a6 10. Nd2 Nge7 11. Nf1 Na5
12. Ne3 b5 13. b3 bxc4 14. b4 Nb7 15. f4 f6 16. O-O a5
17. fxe5 dxe5 18. Nf5 O-O 19. Qg4 Bxf5 20. exf5 Nd6 21. Bxh6
Nexf5 22. Rad1 Rad8 23. Rxf5 Kh8 24. Bc6 Qf7 25. Rh5 gxh6
26. Rxh6+ Qh7 27. Rxh7+ 1-0

[Event "Cappelle la Grande"]
[Site "Cappelle la Grande FRA"]
[Date "2007.03.07"]
[EventDate "2007.03.03"]
[Round "6"]
[Result "1/2-1/2"]
[White "Jon Ludvig Hammer"]
[Black "Valeri Yandemirov"]
[WhiteElo "2360"]
[BlackElo "2523"]
[PlyCount "55"]

1. e4 e5 2. Nf3 Nc6 3. Bb5 a6 4. Ba4 d6 5. O-O Bg4 6. h3 h5
7. d4 b5 8. Bb3 Nxd4 9. hxg4 Nxb3 10. axb3 hxg4 11. Ng5 Qd7
12. c4 Rb8 13. Rxa6 f6 14. Nc3 fxg5 15. Nxb5 Nf6 16. Ra7 Rc8
17. Be3 Qf7 18. Re1 Qh5 19. Kf1 Kd7 20. Qa1 Qg6 21. Qa5 Rh1+
22. Ke2 Rxe1+ 23. Kxe1 Qxe4 24. Nxc7 Qb1+ 25. Ke2 Qc2+ 26. Ke1
Qb1+ 27. Ke2 Qc2+ 28. Ke1 1/2-1/2

[Event "Arctic Chess Challenge"]
[Site "Tromsø"]
[Date "2007.08.04"]
[EventDate "2007.08.04"]
[Round "1"]
[Result "1-0"]
[White "Jon Ludvig Hammer"]
[Black "Maria Pitz Jacobsen"]
[WhiteElo "2412"]
[BlackElo "1804"]
[PlyCount "85"]

1. e4 e5 2. Nf3 Nc6 3. Bc4 Nf6 4. d3 h6 5. O-O d6 6. Re1 Bg4
7. c3 g6 8. Nbd2 Bg7 9. Qb3 O-O 10. Qxb7 Na5 11. Qb4 Nxc4
12. Qxc4 Be6 13. Qa4 Nd7 14. d4 Nb6 15. Qd1 exd4 16. Nxd4 Bd7
17. Nf1 Re8 18. Ng3 c5 19. Nf3 Bc6 20. Bf4 Nc4 21. b3 Na3
22. Rc1 Nb5 23. Bd2 Re6 24. c4 Nc7 25. Bc3 Qe7 26. Bxg7 Kxg7
27. Qd2 Ne8 28. Qc3+ f6 29. Re3 Kh7 30. Rce1 Ng7 31. Nh4 Re8
32. Qd3 Qf7 33. f4 g5 34. e5+ Kg8 35. Nhf5 Nxf5 36. Nxf5 Qh7
37. Nxd6 Rd8 38. f5 Rxe5 39. Rxe5 fxe5 40. Rxe5 Qc7 41. Re6
Qh7 42. Rg6+ Kf8 43. Qc3 1-0

[Event "Arctic Chess Challenge"]
[Site "Scandic Hotell Tromsø"]
[Date "2007.08.04"]
[EventDate "2007.??.??"]
[Round "2"]
[Result "0-1"]
[White "Tobias Pettersson"]
[Black "Jon Ludvig Hammer"]
[WhiteElo "2122"]
[BlackElo "2412"]
[PlyCount "82"]

1. Nf3 Nf6 2. g3 d5 3. Bg2 e6 4. O-O Be7 5. d3 c5 6. Nbd2 Nc6
7. e4 dxe4 8. dxe4 Qc7 9. c3 O-O 10. Re1 e5 11. Qe2 Be6 12. h3
Nd7 13. Nc4 Nb6 14. Ne3 Rfd8 15. Nd2 a5 16. Ndc4 Nxc4 17. Nxc4
b5 18. Ne3 Qb7 19. a4 bxa4 20. Nd5 Bf8 21. Rxa4 Ne7 22. Ne3
Bb3 23. Ra1 a4 24. Ng4 Nc6 25. h4 Qd7 26. Bg5 Be7 27. Bh3 Kf8
28. Nxe5 Qxh3 29. Nxc6 Bxg5 30. hxg5 Rd6 31. Ne5 Re8 32. Nd3
h6 33. Nf4 Qd7 34. e5 hxg5 35. e6 Bxe6 36. Ng2 Bb3 37. Qf3 Rd8
38. Ne3 g6 39. Qh1 Kg7 40. Qf3 Rf6 41. Qe2 Qc6 0-1

[Event "Arctic Chess Challenge"]
[Site "Scandic Hotell Tromsø"]
[Date "2007.08.04"]
[EventDate "?"]
[Round "4"]
[Result "0-1"]
[White "Torben Soraas"]
[Black "Jon Ludvig Hammer"]
[WhiteElo "2447"]
[BlackElo "2412"]
[PlyCount "56"]

1.e4 Nf6 2.e5 Nd5 3.c4 Nb6 4.d4 d6 5.exd6 cxd6 6.Nc3 g6 7.Be3
Bg7 8.Rc1 O-O 9.b3 f5 10.d5 f4 11.Bd4 e5 12.dxe6 Bxd4 13.Qxd4
Bxe6 14.Nf3 Nc6 15.Qd2 Qe7 16.Be2 d5 17.cxd5 Rad8 18.O-O Nxd5
19.Nxd5 Bxd5 20.Qb2 Qf6 21.Qxf6 Rxf6 22.Rfd1 Kg7 23.Nd4 Bxg2
24.Nb5 Rxd1+ 25.Rxd1 Bh3 26.Nd6 Re6 27.Bf3 Nd4 28.Bg4 Rxd6 0-1

[Event "Arctic Chess Challenge"]
[Site "Scandic Hotell Tromsø"]
[Date "2007.08.04"]
[EventDate "?"]
[Round "5"]
[Result "1-0"]
[White "Jon Ludvig Hammer"]
[Black "Simon Pind Jessen"]
[WhiteElo "2412"]
[BlackElo "2070"]
[PlyCount "39"]

1.e4 Nf6 2.e5 Nd5 3.c4 Nb6 4.d4 d6 5.exd6 cxd6 6.Nc3 g6 7.Be3
Bg7 8.Rc1 O-O 9.b3 Nc6 10.d5 Ne5 11.Be2 a6 12.f4 Ned7 13.Nf3
Nf6 14.O-O Ng4 15.Bd4 e5 16.dxe6 fxe6 17.Bxg7 Kxg7 18.Ng5 Nf6
19.Qd4 d5 20.c5 1-0

[Event "Arctic Chess Challenge"]
[Site "Scandic Hotell Tromsø"]
[Date "2007.08.04"]
[EventDate "?"]
[Round "6"]
[Result "0-1"]
[White "Diego Suarez Pousa"]
[Black "Jon Ludvig Hammer"]
[WhiteElo "2418"]
[BlackElo "2412"]
[PlyCount "48"]

1.e4 c5 2.Nc3 a6 3.Nf3 d6 4.d4 cxd4 5.Nxd4 Nf6 6.Bc4 e6 7.Be3
b5 8.Bb3 Bb7 9.f4 Nbd7 10.O-O Be7 11.Bxe6 fxe6 12.Nxe6 Qc8
13.Nxg7+ Kf7 14.Nf5 b4 15.Nd5 Bxd5 16.exd5 Qc4 17.Qf3 Qxd5
18.Qh3 Rae8 19.Rad1 Qxa2 20.g4 Nxg4 21.Qh5+ Kf8 22.Nxd6 Ndf6
23.Qh4 Rg8 24.Kh1 Qa4 0-1

[Event "Arctic Chess Challenge"]
[Site "Scandic Hotel, Tromsø"]
[Date "2007.08.12"]
[EventDate "2007.??.??"]
[Round "9"]
[Result "0-1"]
[White "Jon Ludvig Hammer"]
[Black "Bartosz Socko"]
[WhiteElo "2412"]
[BlackElo "2660"]
[PlyCount "94"]

1. e4 e6 2. d4 d5 3. Nc3 Nf6 4. e5 Nfd7 5. f4 c5 6. Nf3 Nc6
7. Be3 cxd4 8. Nxd4 Bc5 9. Qd2 O-O 10. O-O-O a6 11. Qf2 Bxd4
12. Bxd4 b5 13. Be3 b4 14. Na4 a5 15. h4 Ba6 16. Bxa6 Rxa6
17. h5 Qc7 18. h6 g6 19. Nc5 Nxc5 20. Bxc5 Rc8 21. Qh4 f5
22. Bd6 Qd8 23. Qh3 Ne7 24. Qh4 Nc6 25. Qh3 Ra7 26. g4 Rf7
27. Rhg1 Kh8 28. gxf5 Rxf5 29. Rg5 Rxg5 30. fxg5 Qxg5+ 31. Kb1
Nd4 32. a3 Qf5 33. Qd3 Qxd3 34. Rxd3 Nxc2 35. axb4 Nxb4
36. Ra3 Nc6 37. Rc3 Kg8 38. Ka2 g5 39. Rg3 Kf7 40. Rxg5 Rg8
41. Rxg8 Kxg8 42. Kb3 Kf7 43. Ka4 Kg6 44. Kb5 d4 45. Bc5 d3
46. Be3 Nxe5 47. Kc5 Nf3 0-1

[Event "Gibraltar"]
[Site "Gibraltar ENG"]
[Date "2008.01.26"]
[EventDate "2008.01.22"]
[Round "5"]
[Result "0-1"]
[White "Vincent Heinis"]
[Black "Jon Ludvig Hammer"]
[WhiteElo "2184"]
[BlackElo "2441"]
[PlyCount "38"]

1. d4 Nf6 2. Nf3 e6 3. c4 b6 4. g3 Ba6 5. Qc2 Bb7 6. Bg2 c5
7. d5 exd5 8. cxd5 Nxd5 9. Qb3 Nf6 10. Ne5 d5 11. Nc3 Be7
12. e4 Bd6 13. Bf4 Qe7 14. O-O-O O-O 15. Nf3 Bxf4+ 16. gxf4 d4
17. Nd5 Nxd5 18. exd5 Qe4 19. d6 Bd5 0-1

[Event "Gibraltar"]
[Site "Gibraltar"]
[Date "2008.01.30"]
[EventDate "2008.01.22"]
[Round "9.36"]
[Result "1/2-1/2"]
[White "Srinath Narayanan"]
[Black "Jon Ludvig Hammer"]
[WhiteElo "2210"]
[BlackElo "2441"]
[PlyCount "134"]

1. e4 e5 2. Nf3 Nc6 3. Bc4 Nf6 4. d3 Be7 5. O-O O-O 6. Re1 d6
7. c3 Na5 8. Bb5 a6 9. Ba4 b5 10. Bc2 c5 11. Nbd2 Re8 12. h3
Bf8 13. Nf1 h6 14. Ng3 g6 15. Be3 d5 16. Qe2 Qc7 17. Rad1 Bb7
18. Bc1 Bg7 19. Nh2 Rad8 20. Ng4 Nxg4 21. Qxg4 Bc8 22. Qh4 Qe7
23. Qxe7 Rxe7 24. exd5 Rxd5 25. c4 bxc4 26. dxc4 Rxd1 27. Rxd1
Rc7 28. Nh5 Nc6 29. Nxg7 Kxg7 30. Be3 Nd4 31. Bd3 g5 32. Rb1
Rb7 33. Bd2 Rd7 34. Bc3 f6 35. Bf1 Nc6 36. b3 Kf7 37. a3 a5
38. Be2 Ra7 39. Bf3 Nd4 40. Bh5+ Ke7 41. Rb2 Be6 42. b4 cxb4
43. axb4 a4 44. Bxd4 exd4 45. Be2 a3 46. Ra2 Bf5 47. b5 Kd6
48. b6 Ra4 49. c5+ Kxc5 50. b7 Rb4 51. Rxa3 Be4 52. Ra5+ Kd6
53. Ra4 Rb1+ 54. Kh2 Ke5 55. Ra5+ Kd6 56. Ra4 Bxb7 57. Rxd4+
Ke5 58. Rd3 Rb2 59. Re3+ Kd6 60. g4 Rb1 61. Bf3 Bxf3 62. Rxf3
Ke6 63. Kg2 Kf7 64. Ra3 Kg6 65. Ra6 Rb4 66. Kg3 Rb3+ 67. f3
Rc3 1/2-1/2

[Event "XXIII Open"]
[Site "Reykjavik ISL"]
[Date "2008.03.04"]
[EventDate "2008.03.03"]
[Round "2"]
[Result "1/2-1/2"]
[White "Goran Dizdar"]
[Black "Jon Ludvig Hammer"]
[WhiteElo "2564"]
[BlackElo "2441"]
[PlyCount "62"]

1. d4 Nf6 2. Nf3 e6 3. c4 b6 4. g3 Ba6 5. Qa4 Be7 6. Bg2 O-O
7. Ne5 c6 8. Nc3 Qe8 9. Bg5 d5 10. cxd5 cxd5 11. Qxe8 Rxe8
12. e4 Bb7 13. exd5 Nxd5 14. Bd2 Na6 15. Nxd5 Bxd5 16. Bxd5
exd5 17. Be3 Rac8 18. Kd2 Bb4+ 19. Kd1 Bd6 20. Nd3 Nb4
21. Nxb4 Bxb4 22. Rc1 h5 23. Ke2 f6 24. Rxc8 Rxc8 25. Rc1 Rxc1
26. Bxc1 g5 27. h3 g4 28. hxg4 hxg4 29. Bf4 Kf7 30. a4 Ke6
31. Kd3 Be1 1/2-1/2

[Event "XXIII Open"]
[Site "Reykjavik ISL"]
[Date "2008.03.05"]
[EventDate "2008.03.03"]
[Round "3"]
[Result "1-0"]
[White "Jon Ludvig Hammer"]
[Black "Elshan Moradiabadi"]
[WhiteElo "2441"]
[BlackElo "2506"]
[PlyCount "283"]

1. e4 e5 2. Nf3 Nc6 3. Bb5 a6 4. Ba4 Nf6 5. O-O Be7 6. Re1 b5
7. Bb3 O-O 8. c3 d5 9. exd5 Nxd5 10. Nxe5 Nxe5 11. Rxe5 c6
12. Re1 Bd6 13. d3 Bf5 14. Bxd5 cxd5 15. Qf3 Re8 16. Be3 Bxd3
17. Nd2 Bg6 18. Bf4 Rxe1+ 19. Rxe1 Bf8 20. Re5 f6 21. Rxd5 Qe8
22. a3 Rc8 23. Qe3 Bf7 24. Rd3 Qc6 25. Qe4 Qc5 26. Be3 Qc7
27. Qf5 Qc6 28. Qd7 Qa8 29. Qa7 Qxa7 30. Bxa7 a5 31. Bb6 b4
32. axb4 axb4 33. Rd8 Rxd8 34. Bxd8 bxc3 35. bxc3 Bd6 36. g3
f5 37. Bb6 f4 38. g4 h5 39. h3 hxg4 40. hxg4 Bd5 41. f3 Kf7
42. Kf2 Ke6 43. Bd4 g6 44. Ke2 Bc6 45. Nb3 Bb5+ 46. Ke1 Kd5
47. Nc1 Kc4 48. Kd2 Bc6 49. Ke2 Bc7 50. Kf2 Bd8 51. Be5 g5
52. Bd4 Kd5 53. Nb3 Bb5 54. Nc1 Bc4 55. Ke1 Ke6 56. Kd2 Bd5
57. Ke2 Bc4+ 58. Kf2 Kd5 59. Ke1 Ke6 60. Ne2 Kd5 61. Ng1 Ke6
62. Kd2 Be7 63. Bb6 Bf6 64. Bc5 Bf1 65. Ke1 Bc4 66. Kd2 Bf1
67. Bf8 Kf7 68. Bb4 Ke6 69. Ke1 Bc4 70. Nh3 Bd5 71. Ke2 Bc4+
72. Kf2 Bb5 73. Kg2 Bc4 74. Nf2 Bd5 75. Nd3 Bd8 76. Bc5 Bc4
77. Nf2 Bf6 78. Bb4 Bd5 79. Ne4 Bd8 80. Nd2 Bc6 81. Kf2 Kd5
82. Bf8 Bb5 83. Bg7 Bd3 84. Bd4 Be7 85. Ke1 Bd8 86. Kd1 Be7
87. Nb3 Bb5 88. Kd2 Kc4 89. Nc1 Bc6 90. Ke2 Bd5 91. Kf2 Bc6
92. Ne2 Kd5 93. Ng1 Bb5 94. Nh3 Ke6 95. Kg2 Bc4 96. Nf2 Bd8
97. Ne4 Be7 98. Kf2 Bd8 99. Bg7 Kf7 100. Nd6+ Kxg7 101. Nxc4
Bf6 102. Ke2 Bxc3 103. Kd3 Bb4 104. Ke4 Kf6 105. Kd5 Bc3
106. Nd6 Kg6 107. Ke6 Bb2 108. Nf7 Bf6 109. Ne5+ Kg7 110. Kf5
Be7 111. Nc4 Bd8 112. Nd2 Kh6 113. Ne4 Be7 114. Ke6 Bd8
115. Kf7 Bc7 116. Kf6 Bd8+ 117. Ke6 Kg6 118. Nd6 Kg7 119. Nf7
Bf6 120. Ne5 Bd8 121. Kf5 Be7 122. Nd3 Kh6 123. Nc1 Bd8
124. Ne2 Bb6 125. Nc3 Bd8 126. Nb5 Be7 127. Nd4 Kg7 128. Nb5
Kf7 129. Na7 Kg7 130. Nc8 Bd8 131. Nd6 Be7 132. Ne4 Kh6
133. Ke6 Bd8 134. Kf7 Kh7 135. Nc5 Kh6 136. Ne6 Ba5 137. Kf6
Be1 138. Kf5 Bh4 139. Nd8 Kg7 140. Nc6 Kh6 141. Ne5 Kg7
142. Ng6 1-0

[Event "XXIII Open"]
[Site "Reykjavik ISL"]
[Date "2008.03.07"]
[EventDate "2008.03.03"]
[Round "5"]
[Result "0-1"]
[White "Jon Ludvig Hammer"]
[Black "Sigurbjorn Bjornsson"]
[WhiteElo "2441"]
[BlackElo "2286"]
[PlyCount "124"]

1. e4 c5 2. Nf3 e6 3. d4 cxd4 4. Nxd4 a6 5. Bd3 Qc7 6. O-O Nf6
7. Qe2 d6 8. a4 g6 9. f4 Bg7 10. Be3 Nc6 11. Nxc6 bxc6 12. Nd2
O-O 13. b4 a5 14. bxa5 Nd7 15. Ra3 Rxa5 16. Rb1 c5 17. Bb5 Ra8
18. Nb3 Bb7 19. e5 Bc6 20. exd6 Qxd6 21. Rd1 Qc7 22. c4 Rfd8
23. Ra2 Bxb5 24. cxb5 c4 25. Rc1 Nb6 26. a5 cxb3 27. Rxc7 bxa2
28. Qxa2 Nd5 29. b6 Nxe3 30. b7 Rab8 31. a6 Bd4 32. Rc1 Ng4+
33. Kf1 Ba7 34. g3 h5 35. Qb2 Ne3+ 36. Ke2 Nf5 37. Kf1 h4
38. Kg2 Ne3+ 39. Kf3 Nf5 40. Kg2 Ne3+ 41. Kh3 hxg3 42. hxg3
Nf5 43. Kg2 Ne3+ 44. Kf3 Nf5 45. Rh1 Rd3+ 46. Ke2 Re3+ 47. Kd1
Nd4 48. Qh2 Kf8 49. Qh4 Ra3 50. Kc1 Ra1+ 51. Kb2 Rxa6 52. Kc3
Nf5 53. Qf6 Bd4+ 54. Qxd4 Ra3+ 55. Kd2 Nxd4 56. Rh8+ Ke7
57. Rxb8 Rb3 58. g4 e5 59. fxe5 Nf3+ 60. Kc2 Rb6 61. e6 Nd4+
62. Kd3 Nxe6 0-1

[Event "Reykjavic Open"]
[Site "Reykjavik ISL"]
[Date "2008.03.08"]
[EventDate "2008.03.03"]
[Round "6"]
[Result "1/2-1/2"]
[White "Anna Zozulia"]
[Black "Jon Ludvig Hammer"]
[WhiteElo "2344"]
[BlackElo "2441"]
[PlyCount "148"]

1. e4 e5 2. Nf3 Nc6 3. Bb5 a6 4. Ba4 Nf6 5. O-O b5 6. Bb3 Bc5
7. a4 Rb8 8. axb5 axb5 9. c3 d6 10. d4 Bb6 11. Qd3 O-O 12. Na3
b4 13. Nc2 bxc3 14. bxc3 d5 15. Bxd5 Nxd5 16. exd5 Qxd5
17. Ne3 Qd8 18. Nc4 exd4 19. Nxb6 Rxb6 20. cxd4 Ba6 21. Rxa6
Nb4 22. Rxb6 Nxd3 23. Rb3 Nxc1 24. Rxc1 Qd6 25. Rbc3 Rb8
26. h3 Rb7 27. Ne5 h6 28. Rd1 f6 29. Nc4 Qf4 30. Ne3 Kh7
31. Rc5 Rb2 32. Rc2 Rxc2 33. Nxc2 h5 34. Ne3 h4 35. d5 Kg8
36. Rc1 Qe5 37. Rc6 Kf8 38. Kf1 Qa1+ 39. Ke2 Qa5 40. Kf3 Ke8
41. Kg4 Qd2 42. Rc2 Qd4+ 43. Kf3 Kd7 44. Rc4 Qd3 45. Rxh4 g5
46. Rc4 f5 47. g3 Qd2 48. h4 f4 49. gxf4 g4+ 50. Kxg4 Qxf2
51. Re4 Qg1+ 52. Kh5 Qg7 53. Re5 Qg3 54. Nf5 Qxf4 55. Re7+ Kd8
56. Kg6 Qf3 57. Re5 Qg4+ 58. Kf6 Qh5 59. Re6 Qf3 60. Re5 Qh5
61. Re6 Qf3 62. Re5 Kc8 63. Re3 Qd1 64. Kg6 Kd8 65. Re5 Qg4+
66. Kf6 Qf3 67. Re3 Qxd5 68. h5 Qc6+ 69. Re6 Qc3+ 70. Kg5 Qc1+
71. Re3 c5 72. h6 Qh1 73. Kg6 Qg2+ 74. Kf6 Qh1 1/2-1/2

[Event "Reykjavic Open"]
[Site "Reykjavik ISL"]
[Date "2008.03.10"]
[EventDate "2008.03.03"]
[Round "8"]
[Result "0-1"]
[White "Srinath Narayanan"]
[Black "Jon Ludvig Hammer"]
[WhiteElo "2210"]
[BlackElo "2441"]
[PlyCount "146"]

1. e4 c5 2. Nf3 d6 3. d4 cxd4 4. Nxd4 Nf6 5. Nc3 a6 6. Be3 e5
7. Nb3 Be6 8. f4 exf4 9. Bxf4 Nc6 10. Qe2 Be7 11. h3 Nd7
12. O-O-O Nde5 13. Kb1 O-O 14. Nd5 Rc8 15. g4 Re8 16. Qg2 Bg5
17. Bg3 Bh4 18. Bf4 Bg5 19. Bg3 Bh4 20. Bf4 h6 21. c3 Kh8
22. Be2 Ng6 23. Be3 Bg5 24. Bb6 Qd7 25. Qf2 Bh4 26. Qh2 Nce5
27. Bf2 Qd8 28. Bb6 Qd7 29. Bf2 Bxd5 30. Rxd5 Qe7 31. Bxh4
Nxh4 32. Rhd1 Rcd8 33. Nd4 Nc6 34. Nxc6 Qxe4+ 35. Bd3 Qxd5
36. Nxd8 Rxd8 37. Qf2 Ng6 38. Bc2 Qe6 39. Bb3 Qe4+ 40. Bc2 Qe7
41. Bxg6 fxg6 42. Qd4 Kh7 43. Qd5 Qe2 44. a4 Rf8 45. Rd4 b5
46. Qxd6 Rf2 47. Qb4 bxa4 48. Ka2 a5 49. Qb6 Qc2 50. Qb5 Qxc3
51. Rxa4 Rg2 52. Ra3 Qc2 53. Rxa5 Rg1 54. Qe5 Qc4+ 55. b3 Qc1
56. Qb2 Qc7 57. Ra4 Rc1 58. Qd4 Qc2+ 59. Qb2 Qc5 60. Qd4 Qc2+
61. Qb2 Qd1 62. Rd4 Qf1 63. Rd6 Re1 64. Rd2 Re7 65. Qd4 Qxh3
66. Rc2 Qf3 67. b4 Re4 68. Qd5 Qxg4 69. b5 Ra4+ 70. Kb1 Qb4+
71. Rb2 Qe1+ 72. Kc2 Re4 73. Kb3 Qb4+ 0-1

[Event "Reykjavic Open"]
[Site "Reykjavik ISL"]
[Date "2008.03.11"]
[EventDate "2008.03.03"]
[Round "9"]
[Result "1/2-1/2"]
[White "Jon Ludvig Hammer"]
[Black "Amon Simutowe"]
[WhiteElo "2441"]
[BlackElo "2457"]
[PlyCount "119"]

1. e4 c6 2. d4 d5 3. Nd2 dxe4 4. Nxe4 Bf5 5. Ng3 Bg6 6. h4 h6
7. Nf3 Nd7 8. h5 Bh7 9. Bd3 Bxd3 10. Qxd3 Ngf6 11. Bd2 e6
12. O-O-O Qc7 13. Ne4 O-O-O 14. g3 Nxe4 15. Qxe4 Bd6 16. c4 c5
17. d5 Nf6 18. Qc2 exd5 19. cxd5 Rhe8 20. Bc3 Qd7 21. Bxf6
gxf6 22. Nh4 Re5 23. f4 Rxh5 24. Qe2 Rxd5 25. Rxd5 Bxf4+
26. gxf4 Qxd5 27. Rd1 Qxa2 28. Rxd8+ Kxd8 29. Nf5 Qe6 30. Qd3+
Kc7 31. Nxh6 Qe1+ 32. Kc2 Qh4 33. Nxf7 Qh2+ 34. Kb1 Qxf4
35. Qd8+ Kc6 36. Qc8+ Kb6 37. Qe6+ Kc7 38. Qe7+ Kb6 39. Qe6+
Kc7 40. Qe7+ Kb6 41. Nd8 Qf1+ 42. Kc2 Qc4+ 43. Kd2 Qd4+
44. Ke1 Qe5+ 45. Qxe5 fxe5 46. Kd2 Kc7 47. Nf7 Kc6 48. Nxe5+
Kd5 49. Nf7 a5 50. Kc2 a4 51. Ng5 b5 52. Nf3 b4 53. Nd2 c4
54. Nxc4 Kxc4 55. b3+ Kb5 56. bxa4+ Kxa4 57. Kb2 b3 58. Kb1
Kb4 59. Kb2 Kc4 60. Kb1 1/2-1/2

[Event "2008 Olympiad"]
[Site "Dresden GER"]
[Date "2008.11.14"]
[EventDate "2008.11.13"]
[Round "2"]
[Result "1-0"]
[White "Jon Ludvig Hammer"]
[Black "Niklas Huschenbeth"]
[WhiteElo "2522"]
[BlackElo "2417"]
[PlyCount "69"]

1. e4 c5 2. Nf3 e6 3. d4 cxd4 4. Nxd4 Nf6 5. Nc3 Nc6 6. Ndb5
d6 7. Bf4 e5 8. Bg5 a6 9. Na3 Be6 10. Nc4 Rc8 11. Bxf6 Qxf6
12. Nb6 Rb8 13. Ncd5 Qd8 14. c3 Be7 15. g3 O-O 16. h4 g6
17. Qd3 f5 18. Bg2 Rf7 19. O-O-O Bf8 20. f4 Bg7 21. h5 Qf8
22. Kb1 Rd8 23. Nc4 b5 24. Nce3 b4 25. cxb4 Rb8 26. a3 Nd4
27. hxg6 hxg6 28. Qxa6 Nb5 29. Qc6 Ra7 30. Rd3 Nd4 31. Qc1 Bd7
32. exf5 gxf5 33. Nc7 Rc8 34. Rxd4 Be6 35. Rc4 1-0

[Event "2008 Olympiad"]
[Site "Dresden GER"]
[Date "2008.11.22"]
[EventDate "2008.11.13"]
[Round "9"]
[Result "1-0"]
[White "Jure Borisek"]
[Black "Jon Ludvig Hammer"]
[WhiteElo "2548"]
[BlackElo "2522"]
[PlyCount "141"]

1. e4 e5 2. Nf3 Nc6 3. Bb5 Nf6 4. O-O Nxe4 5. d4 Nd6 6. Bxc6
dxc6 7. dxe5 Nf5 8. Qxd8+ Kxd8 9. Nc3 Ke8 10. Ne4 c5 11. c3 h6
12. h3 b6 13. Re1 Be6 14. g4 Ne7 15. Nh2 Kd7 16. f4 g6 17. Be3
Kc6 18. b3 a5 19. c4 a4 20. Kf2 Kb7 21. Nf3 Bg7 22. Bd2 Rhd8
23. Ke2 Bf8 24. Bc3 Kc6 25. Bd2 Ra6 26. Rec1 axb3 27. axb3
Rda8 28. Rxa6 Rxa6 29. Bc3 Ra3 30. Nfd2 Ra2 31. Ra1 Rxa1
32. Bxa1 h5 33. Kf3 hxg4+ 34. hxg4 Bh6 35. Nf1 Bc8 36. Nf6 Bg7
37. Ne3 Bb7 38. Kg3 Bxf6 39. exf6 Nc8 40. Kh4 Kd7 41. Kg5 Nd6
42. Kh6 Ke6 43. Kg7 Be4 44. Kf8 b5 45. Be5 bxc4 46. bxc4 Nc8
47. g5 Nb6 48. Bxc7 Nd7+ 49. Kg7 Bf3 50. Ba5 Be2 51. Bd8 Bf3
52. Nd5 Be2 53. Nc7+ Kf5 54. Kxf7 Bxc4+ 55. Ke8 Nb6 56. f7 Nd7
57. Kxd7 Bxf7 58. Kd6 c4 59. Kc5 c3 60. Nb5 c2 61. Nd4+ Kxf4
62. Nxc2 Ke5 63. Nd4 Ba2 64. Bf6+ Kf4 65. Kd6 Bb1 66. Ke7 Kg4
67. Kf7 Be4 68. Bd8 Bd3 69. Kf6 Be4 70. Bc7 Bd3 71. Ne6 1-0